000 003230000a22000970004500
100 1 _aHorrell, David G.
245 1 0 _aTheological principle or christological praxis? : Pauline ethics in 1 Corinthinas 8.1-11-1
300 _aNúm 67 (1997), Páginas 83-114
773 0 _tJournal for the Study of the New Testament
942 _cANA
999 _c56056
_d56056